Which Former Soviet Country… - Statistics

General Stats
  • This quiz has been taken 16 times
  • The average score is 11 of 24
Answer Stats
Hint Answer % Correct
…borders Norway? Russia
80%
…has a former actor and comedian as its president? Ukraine
80%
…contains a breakaway state with strong Soviet influences known as Transnistria? Moldova
73%
…was the site of the deadly Chernobyl disaster? Ukraine
73%
…is commonly known today as “Europe’s Last Dictatorship”? Belarus
67%
…was the first nation to adopt Christianity in 301 AD? Armenia
60%
…is the poorest country in Europe by GDP per capita? Moldova
60%
…speaks a language derived from Latin? Moldova
60%
…is known for its fertile land and natural resources, nicknamed the “breadbasket of Europe”? Ukraine
60%
…was the birthplace of Joseph Stalin? Georgia
53%
…hosted the Winter Olympics in 2014? Russia
53%
…is one of only two double-landlocked countries? Uzbekistan
53%
…was the first country in the world to adopt online voting? Estonia
47%
…speaks Persian as its official language? Tajikistan
47%
…has a 21m statue made of solid 24k gold of its former dictator? Turkmenistan
47%
…changed the sun on its flag to look “less like a sunflower” in 2023? Kyrgyzstan
40%
…was the first Soviet nation to declare independence in 1990? Lithuania
40%
…contains the ever-burning Darvaza Gas Crater, nicknamed the “Door to Hell”? Turkmenistan
33%
…produces the second-most uranium in the world? Kazakhstan
27%
…has a historical tradition of bride kidnapping, which is now outlawed? Kyrgyzstan
27%
…was the site of the world’s first oil well in 1848? Azerbaijan
20%
…has the third-highest average elevation in the world? Tajikistan
20%
…was the site of a failed assassination attempt against US president George W. Bush in 2005? Georgia
13%
…is known for its massive annual Song and Dance festival, attended by 500,000 people each year? Latvia
0%
No matching quizzes found
Score Distribution
Percent of People with Each Score
Percentile by Number Answered
Your Score History
You have not taken this quiz